| 000 | 00377nam a2200145Ia 4500 | ||
|---|---|---|---|
| 008 | 240401s2022 xx und d | ||
| 041 | _aeng | ||
| 082 | _a615.4/HAJ | ||
| 245 | _aPRACTICAL BOOK OF PHYSICAL PHARMACEUTICS-I | ||
| 250 | _a4 | ||
| 260 |
_aPUNE _bNIRALI PRAKASHAN _c2022 |
||
| 300 | _aP.B/59 | ||
| 650 | _aPHARMACEUTICS | ||
| 650 | _aPHYSICAL PHARMACEUTICS-I | ||
| 999 |
_c1152051 _d1152051 |
||